000 00568nam a2200229Ia 4500
003 OSt
005 20221005130830.0
006 a|||||r|||| 00| 0
007 ta
008 221004b |||||||| |||| 00| 0 urd d
024 _a27935
037 _cTextual
040 _aCRL
_cCRL
_burd
041 _2urd
_aurd
082 _aO153,1w, 168L3
100 _aSalahuddin Iqbal
_9638728
245 0 _aSangi namah
260 _c1973
650 _aPUNJABI LITERATURE
942 _hO153,1w, 168L3
_cTEXL
_2cc
999 _c1058547
_d1058547